Países cuya capital comienza con la misma letra - Estadísticas

Estadísticas generales
  • Esta prueba ha sido intentada 3.972 veces
  • La puntuación promedio es 17 de 48
Estadísticas de respuestas
Continente Ans % Correcto
América Brasil
93%
América Brasilia
81%
Europa Andorra
59%
Europa Luxemburgo
57%
Europa Luxemburgo
57%
Europa Andorra la Vieja
54%
Europa Ciudad del Vaticano
54%
Europa Ciudad del Vaticano
54%
Europa Mónaco
53%
Europa Mónaco
53%
Europa San Marino
53%
Europa San Marino
53%
Europa Bélgica
49%
Europa Bruselas
47%
África Argel
44%
África Argelia
43%
América Belice
40%
África Túnez
37%
África Túnez
37%
Asia Singapur
32%
Asia Singapur
32%
América Belmopán
31%
África Egipto
30%
América Guyana
30%
África El Cairo
29%
América Barbados
28%
Asia Kuwait
27%
Asia Kuwait
27%
África Níger
27%
Oceanía Papúa Nueva Guinea
26%
Asia Sri Lanka
26%
Asia Taiwán
25%
África Yibuti
25%
África Yibuti
25%
Asia Brunéi
23%
América Georgetown
23%
Asia Taipéi
22%
África Mozambique
19%
Oceanía Port Moresby
19%
América Bridgetown
18%
Asia Maldivas
18%
África Santo Tomé
18%
África Santo Tomé y Príncipe
18%
África Maputo
17%
Asia Sri Jayawardenapura Kotte
17%
Asia Bandar Seri Begawan
16%
África Niamey
16%
Asia Malé
15%
No se encontraron pruebas coincidentes
Distribución de puntuación
Porcentaje de gente con cada puntuación
Porcentaje por número respondido
Historial de tus puntuaciones
No has intentado esta prueba.